The professional politics of the austerity debate: A comparative field analysis of the European Central Bank and the international monetary fund (Record no. 512651)

000 -LEADER
fixed length control field 01703nam a2200181 4500
008 - FIXED-LENGTH DATA ELEMENTS--GENERAL INFORMATION
fixed length control field 191205b ||||| |||| 00| 0 eng d
100 ## - MAIN ENTRY--PERSONAL NAME
Personal name Ban, Cornel
245 ## - TITLE STATEMENT
Title The professional politics of the austerity debate: A comparative field analysis of the European Central Bank and the international monetary fund
260 ## - PUBLICATION, DISTRIBUTION, ETC. (IMPRINT)
Name of publisher, distributor, etc Public Administration
300 ## - PHYSICAL DESCRIPTION
Extent 97(3), 2019: p.530-545.
520 ## - SUMMARY, ETC.
Summary, etc How do different professional structures shape the economic ideas that international economic organizations use to prescribe policy recommendations or derive legitimacy and authority for them? The comparative professional field analysis proposed herein deploys a novel combination of content, network and regression analysis to uncover the precise role of different qualifications, experiences and hierarchies in shaping the economic expertise invoked by the European Central Bank's and the International Monetary Fund's main policy documents, with a specific focus on debates over fiscal consolidation in the wake of the global financial crisis of 2008. The findings challenge much of the scholarship about how economic ideas diffuse across professional domains and where change on macroeconomic policy in international economic organizations is likely to come from. As such, the article should be of interest to scholarship on international bureaucracies, the politics of professional knowledge and the international political economy of fiscal consolidation. - Reproduced.
650 ## - SUBJECT ADDED ENTRY--TOPICAL TERM
Topical term or geographic name as entry element Central Banks
9 (RLIN) 14285
650 ## - SUBJECT ADDED ENTRY--TOPICAL TERM
Topical term or geographic name as entry element International Monetary Fund
9 (RLIN) 14286
700 ## - ADDED ENTRY--PERSONAL NAME
Personal name Patenaude, Bryan
9 (RLIN) 14287
773 ## - HOST ITEM ENTRY
Main entry heading Public Administration
906 ## - LOCAL DATA ELEMENT F, LDF (RLIN)
Subject DIP Banks and banking
942 ## - ADDED ENTRY ELEMENTS (KOHA)
Source of classification or shelving scheme
Item type Articles
Holdings
Withdrawn status Lost status Source of classification or shelving scheme Damaged status Not for loan Permanent location Current location Date acquired Serial Enumeration / chronology Barcode Date last seen Koha item type
          Indian Institute of Public Administration Indian Institute of Public Administration 2019-12-05 97(3), 2019: p.530-545. AR121993 2019-12-05 Articles

Powered by Koha